Pozícia, stratégia a výkonnosť vybraných menších bánk na slovenskom bankovom trhu bakalárska práca

Na minha lista:
Detalhes bibliográficos
Autor principal: Katreniak, Alex
Autor Corporativo: Národohospodárska fakulta EU. Katedra bankovníctva a medzinárodných financií
Outros Autores: Vateha, Marko Dávid, 1996-
Formato: Livro
Idioma:eslovaco
Publicado em: Bratislava 2024
Tags: Adicionar Tag
Sem tags, seja o primeiro a adicionar uma tag!

MARC

LEADER 00000nbm a2200000 4500
001 0301739
005 20241023141505.4
041 0 |a slo 
044 |a SK 
245 1 0 |a Pozícia, stratégia a výkonnosť vybraných menších bánk na slovenskom bankovom trhu  |b bakalárska práca  |c Alex Katreniak ; školiteľ: Marko Dávid Vateha 
264 1 |a Bratislava  |c 2024 
300 |a 56 s. 
100 1 |a Katreniak, Alex 
700 1 |a Vateha, Marko Dávid, 1996- 
710 2 |a Národohospodárska fakulta EU. Katedra bankovníctva a medzinárodných financií